Thames Gateway eco-quarter (Record no. 110169)
[ view plain ]
| 000 -LEADER | |
|---|---|
| fixed length control field | 01374cad a22002655a 4500 |
| 001 - CONTROL NUMBER | |
| control field | L148700 |
| 008 - FIXED-LENGTH DATA ELEMENTS--GENERAL INFORMATION | |
| fixed length control field | 091021e20091015xxk f s f000 0 eng d |
| 020 ## - INTERNATIONAL STANDARD BOOK NUMBER | |
| International Standard Book Number | 9781409819035 |
| 035 ## - SYSTEM CONTROL NUMBER | |
| System control number | (Sirsi) u148700 |
| 041 0# - LANGUAGE CODE | |
| Language code of text/sound track or separate title | eng |
| 050 04 - LIBRARY OF CONGRESS CALL NUMBER | |
| Classification number | 711.52 $2 18 |
| 110 1# - MAIN ENTRY--CORPORATE NAME | |
| Corporate name or jurisdiction name as entry element | United Kingdom |
| Subordinate unit | Department for Communities and Local Government |
| 9 (RLIN) | 4939 |
| 245 00 - TITLE STATEMENT | |
| Title | Thames Gateway eco-quarter |
| Remainder of title | consultation |
| Medium | [electronic resource] |
| 260 ## - PUBLICATION, DISTRIBUTION, ETC. | |
| Place of publication, distribution, etc. | London |
| Name of publisher, distributor, etc. | DCLG |
| Date of publication, distribution, etc. | 2009 |
| 505 2# - FORMATTED CONTENTS NOTE | |
| Formatted contents note | Summary -- Background -- Policy context -- Objectives for an eco-quarter -- Eco-quarter characteristics -- Eco-quarter standards -- Delivering an eco-quarter -- Identifying an eco-quarter -- Consultation questions -- About this consultation -- Appendix 1 |
| 520 ## - SUMMARY, ETC. | |
| Summary, etc. | Consultation seeks views on a proposed process for Thames Gateway local authorities to bid for funding for an eco-quarter in the Thames Gateway that merits exemplar sustainability status. Also presents characteristics and standards to be met in an eco-quarter. |
| 520 ## - SUMMARY, ETC. | |
| Summary, etc. | Deadline for comments is 20 December 2009. |
| 521 ## - TARGET AUDIENCE NOTE | |
| Target audience note | Advanced |
| 590 ## - LOCAL NOTE (RLIN) | |
| Local note | KA |
| 651 #4 - SUBJECT ADDED ENTRY--GEOGRAPHIC NAME | |
| Geographic name | London |
| 651 #4 - SUBJECT ADDED ENTRY--GEOGRAPHIC NAME | |
| Geographic name | Thames Gateway |
| 690 ## - LOCAL SUBJECT ADDED ENTRY--TOPICAL TERM (OCLC, RLIN) | |
| Topical term or geographic name as entry element | PROPERTY-PROPERTY MANAGEMENT-REGENERATION |
| 856 40 - ELECTRONIC LOCATION AND ACCESS | |
| Uniform Resource Identifier | <a href="https://www.info4local.gov.uk/documents/consultations/1359224">https://www.info4local.gov.uk/documents/consultations/1359224</a> |
| Public note | View the consultation free of charge online at www.info4local.gov.uk... |
| 942 ## - ADDED ENTRY ELEMENTS (KOHA) | |
| Suppress in OPAC | 0 |
| Withdrawn status | Lost status | Source of classification or shelving scheme | Damaged status | Not for loan | Home library | Current library | Shelving location | Date acquired | Total Checkouts | Full call number | Barcode | Date last seen | Copy number | Price effective from | Koha item type |
|---|---|---|---|---|---|---|---|---|---|---|---|---|---|---|---|
| Dewey Decimal Classification | Virtual | Virtual | Online | 21/10/2009 | ONLINE PUBLICATION | 148700-2001 | 06/08/2019 | 1 | 06/08/2019 | Book |